000 00396pab a2200157 454500
008 180718b2013 xxu||||| |||| 00| 0 eng d
100 _aJain, V.P.
245 _aDU's four year undergraduate programme - the politics of exclusive education
260 _c2013
300 _ap.17-23.
362 _a22 Jun
650 _aHigher education
773 _aMainstream
908 _aN
909 _a99523
999 _c99522
_d99522